00255 a2200109 4500001000700000020000600007040001100013100002700024240004500051245004000096362000900136176090 a  cMagnum aVieira, Thereza Freire10aPadre jose luiz e a vila das gracaslpor10aPadre jose luiz e a vila das gracas0 a1899